000
00249nam a2200109Ia 4500
008
190912s9999||||xx |||||||||||||| ||und||
100
_a
Pople, GCSE
245
0
_a
Explaining Physics
260
_a
London
_b
Macmillan
_c
1997
300
_a
384
942
_c
BK
999
_c
7172
_d
7172